| 000 | 01013nmc a2200349 a 4500 | ||
|---|---|---|---|
| 003 | AR-BaBNM | ||
| 005 | 20251128205516.0 | ||
| 008 | 177119s1988 ||||||||||||||000 | spa|| | ||
| 020 | _a84-7112-320-7 | ||
| 040 | _cAR-BaBNM | ||
| 100 | 1 | _aGoetz, J.P. | |
| 245 | 1 | 0 | _aEtnografía y diseño cualitativo en investigación educativa |
| 260 |
_aMadrid _bEdiciones Morata _c1988 |
||
| 300 | 0 |
_a279 p. _bdiagr. |
|
| 490 | 0 | _aPedagogía. Manuales | |
| 500 | 0 | _aIndice de autores: p. 269-273 | |
| 500 | 0 | _aIndice de materias: p. 274-279 | |
| 504 | _aBibliografía: p. 248-268 | ||
| 650 | 4 | _aETNOGRAFIA | |
| 650 | 4 | _aMETODOS DE INVESTIGACION | |
| 650 | 4 | _aANALISIS DE DATOS | |
| 650 | 4 | _aDATOS ESTADISTICOS | |
| 650 | 4 | _aMUESTREO DE DATOS | |
| 650 | 4 | _aENCUESTAS | |
| 653 | 0 | _aINVESTIGACION EDUCATIVA | |
| 653 | 0 | _aMETODOS CUALITATIVOS | |
| 700 | 1 | _aLeCompte, M.D. | |
| 700 | 1 |
_aBallesteros, Antonio _etraductor |
|
| 700 | 1 |
_aTorres Santomé, Jurjo _erevisión |
|
| 942 | _cBK | ||
| 998 | _csilvi | ||
| 999 |
_c11680 _d11680 |
||